| 000 | 00494nam a22001817a 4500 | ||
|---|---|---|---|
| 003 | CEME | ||
| 005 | 20210628205954.0 | ||
| 008 | 210209b xxu||||| |||| 00| 0 eng d | ||
| 020 | _a0-312-15459-3 | ||
| 040 | _c. | ||
| 082 | _a025 HAC | ||
| 100 |
_aFister, Barbara Hacker, Diana _977718 |
||
| 245 | _aResearch and documentation in the electronic age | ||
| 260 |
_aBOSTON _bBEDFORD BOOKS _c1998 |
||
| 300 | _a160P | ||
| 650 |
_aDOCUMENTATION IN THE ELECTRONIC AGE _977719 |
||
| 942 |
_cBK _2ddc |
||
| 999 |
_c582936 _d582936 |
||